000 00526nam a2200169 i 4500
001 23527
003 ES-MaACL
005 20230906152905.0
007 t|
008 021211s1960 cu ||||1| spa d
100 1 _aAmado Blanco, Luis.
_921082
245 1 0 _aDoña Velorio
_b: nueve cuentos y una novela /
_cLuis Amado Blanco.
260 _aLa Habana :
_bUniversidad de las Villas,
_c1960 (
_fUcar)
300 _a267 p. ;
_c21 cm.
710 2 _aUniversidad Central de Las Villas.
_97082
852 _aES-MaACL
_jC-20475
_bR.48601
999 _c23527
_d23527